Violencia y ficción televisiva (Record no. 61026)

MARC details
000 -LEADER
campo de control de longitud fija 02619nac a2200361 a 4500
003 - IDENTIFICADOR DE NÚMERO DE CONTROL
campo de control CO-PeBPM
005 - FECHA Y HORA DE LA ÚLTIMA TRANSACCIÓN
campo de control 20250714192828.0
007 - CAMPO FIJO DE DESCRIPCIÓN FÍSICA--INFORMACIÓN GENERAL
campo de control de longitud fija ta
008 - DATOS DE LONGITUD FIJA--INFORMACIÓN GENERAL
campo de control de longitud fija 250714s2018 ck ao||| |||| 00| 0 spa d
020 ## - NÚMERO INTERNACIONAL ESTÁNDAR DEL LIBRO
Número Internacional Estándar del Libro ISBN: 9789587836356
040 ## - FUENTE DE CATALOGACIÓN
Centro catalogador/agencia de origen CO-PeBPM
Lengua de catalogación spa
Centro/agencia transcriptor CO-PeBPM
Normas de descripción rda
041 ## - CÓDIGO DE IDIOMA
Código de lengua del texto/banda sonora o título independiente spa
082 04 - NÚMERO DE LA CLASIFICACIÓN DECIMAL DEWEY
Número de clasificación 791.4 Q7v
Número de edición 22
100 1# - ENTRADA PRINCIPAL--NOMBRE DE PERSONA
Nombre de persona Quiñones Cely, Beatriz
Término indicativo de función/relación autor
245 10 - MENCIÓN DEL TÍTULO
Título Violencia y ficción televisiva
Resto del título : El acontecimiento de los noventa: imaginarios de la representación mediática de la violencia colombiana: series de ficción televisiva (1989-1999)
Mención de responsabilidad, etc. / Beatriz Quiñones Cely... [y otros tres].
250 ## - MENCION DE EDICION
Mención de edición Segunda edición actualizada
260 ## - PUBLICACIÓN, DISTRIBUCIÓN, ETC.
Lugar de publicación, distribución, etc. Bogotá, Colombia
Nombre del editor, distribuidor, etc. : Universidad Nacional de Colombia. Facultad de Artes
Fecha de publicación, distribución, etc. , 2018
300 ## - DESCRIPCIÓN FÍSICA
Extensión 346 páginas
Otras características físicas ilustraciones (algunas a color), diagramas, fotografías
Dimensiones 24 centímetros
490 ## - MENCIÓN DE SERIE
Mención de serie Colección Nación
500 ## - NOTA GENERAL
Nota general Incluye índice
500 ## - NOTA GENERAL
Nota general Contiene datos biográficos de los autores en la solapa del texto
504 ## - NOTA DE BIBLIOGRAFÍA, ETC.
Nota de bibliografía, etc. Incluye referencias bibliográficas
520 ## - RESUMEN, ETC.
Sumario, etc. Esta investigación propone –mediante la crítica de las evidencias que ubican en el centro del proceso de mediatización de la violencia al conflicto armado colombiano– distanciarse de los enfoques que privilegian la dimensión política del fenómeno y revisar el acontecimiento violento desde el croquis de su percepción imaginaria, es decir, desde tres dimensiones reconocibles, cercanas a la violencia violencia oscura, violencia degradada y violencia muda. Adicionalmente, aborda la violencia colombiana desde la observación intensiva de un material productivo por su naturaleza y por su forma particular de expresar el fenómeno desde un género especifico: la ficción televisiva, y en una época la década de los noventa. Esta segunda edición incluye el capítulo “Narcomundo y Pablo los relatos de la violencia y la ficción televisiva en las dos primeras décadas del siglo XXI”, una reflexión que actualiza el texto a los años 2000 y abre el camino hacia nuevas investigaciones.
650 14 - PUNTO DE ACCESO ADICIONAL DE MATERIA--TÉRMINO DE MATERIA
Término de materia o nombre geográfico como elemento de entrada Programas de televisión - Aspectos sociales - Colombia
Fuente del encabezamiento o término LEMB
650 14 - PUNTO DE ACCESO ADICIONAL DE MATERIA--TÉRMINO DE MATERIA
Término de materia o nombre geográfico como elemento de entrada Violencia en los medios de comunicación de masas - Colombia
Fuente del encabezamiento o término LEMB
650 14 - PUNTO DE ACCESO ADICIONAL DE MATERIA--TÉRMINO DE MATERIA
Término de materia o nombre geográfico como elemento de entrada Violencia en televisión - Investigaciones - Colombia
Fuente del encabezamiento o término LEMB
650 14 - PUNTO DE ACCESO ADICIONAL DE MATERIA--TÉRMINO DE MATERIA
Término de materia o nombre geográfico como elemento de entrada Conflicto armado - Colombia
Fuente del encabezamiento o término LEMB
700 14 - ENTRADA AGREGADA--NOMBRE PERSONAL
Nombre de persona Peña Tijo, Eduardo Alfredo
Término indicativo de función/relación coautor
700 14 - ENTRADA AGREGADA--NOMBRE PERSONAL
Nombre de persona Wilches Tinjacá, Jaime Andrés
Término indicativo de función/relación coautor
700 14 - ENTRADA AGREGADA--NOMBRE PERSONAL
Nombre de persona Sotomayor Torres, Doly
Término indicativo de función/relación coautor
942 ## - ELEMENTOS DE ENTRADA SECUNDARIOS (KOHA)
Fuente del sistema de clasificación o colocación Clasificación Decimal Dewey
Tipo de ítem Koha Libros
Suprimir en OPAC No
Holdings
Estatus retirado Estado de pérdida Fuente del sistema de clasificación o colocación Estado de daño No para préstamo Colección Biblioteca de origen Biblioteca actual Ubicación en estantería Fecha de adquisición Fuente de adquisición Total de préstamos Signatura topográfica completa Código de barras Visto por última vez Copia número Precio de reemplazo Tipo de ítem Koha
    Clasificación Decimal Dewey     General BIBLIOTECA PÚBLICA MUNICIPAL RAMON CORREA MEJIA BIBLIOTECA PÚBLICA MUNICIPAL RAMON CORREA MEJIA Colección general 14/02/2025 Donación Biblioteca Nacional   791.4 Q7v 62012 14/07/2025 Ej. 1 14/07/2025 Libros

Powered by Koha